000 01010nam1a2200301 i 4500
001 RU\NLR\bibl\1983414
005 20260407143528.0
035 _a(NLR Aleph) 001972066
090 _a3969533
_c3969533
100 _a20121226g20119999u y0rusy50 ca
101 0 _arus
102 _aRU
105 _a||||z |||||
200 1 _aОтчет о социальной ответственности корпорации "Тяньши" ...
_dTIENS group CSR report
_zeng
210 _a[Б.м.
_cБ.и.]
_d2011
215 _d29
463 0 _10011935351
510 0 _aTIENS group CSR report
_zeng
601 0 2 _a"Тяньши", корпорация
_cПекин, город
_92187230
_3RU\NLR\auth\661315001
686 _aУ43(5Я)-361.4
710 0 2 _a"Тяньши", корпорация
_cПекин
_3RU\NLR\AUTH\8810086932
_9675545
801 0 _aRU
_bNLR
_c20121226
_gRCR
801 1 _aRU
_bNLR
_c20121226
852 _aNLR
_j2012-8/2227
942 _cBOOK
980 _aNBR